Catálogo
 En Linea

Antonio, Francisco y Benigno de la iglesia : (Registro nro. 40534)

Detalles MARC
000 -CABECERA
campo de control de longitud fija 00890nam a2200193 a 4500
001 - NÚMERO DE CONTROL
campo de control 000041044
005 - FECHA Y HORA DE LA ÚLTIMA TRANSACCIÓN
campo de control 20201002034557.0
008 - DATOS DE LONGITUD FIJA--INFORMACIÓN GENERAL
campo de control de longitud fija 130913s2003 sp 001 0 spa d
040 ## - FUENTE DE LA CATALOGACIÓN
Centro catalogador/agencia de origen DO-SdBNP
Lengua de catalogación spa
Centro/agencia transcriptor BNPHU
100 1# - ENTRADA PRINCIPAL--NOMBRE DE PERSONA
Nombre de persona Saurín de la Iglesia, María Rosa.
9 (RLIN) 67536
245 10 - MENCIÓN DE TÍTULO
Título Antonio, Francisco y Benigno de la iglesia :
Resto del título una biografía intelectual /
Mención de responsabilidad, etc. María Rosa Saurín de la Iglesia.
260 ## - PUBLICACIÓN, DISTRIBUCIÓN, ETC.
Lugar de publicación, distribución, etc. Santiago de Compostela, España :
Nombre del editor, distribuidor, etc. Instituto de Estudios Gallegos "Padre Sarmiento":
-- Consejo Superior de Investigaciones Científicas,
Fecha de publicación, distribución, etc. 2003.
300 ## - DESCRIPCIÓN FÍSICA
Extensión 251 p. :
Otras características físicas il. ;
Dimensiones 24 cm.
490 1# - MENCIÓN DE SERIE
Mención de serie Cuadernos de Estudios Gallegos. Anexo
Designación de volumen o secuencia 30
500 ## - NOTA GENERAL
Nota general Incluye índice
504 ## - NOTA DE BIBLIOGRAFÍA, ETC.
Nota de bibliografía, etc. Incluye referencias bibliográficas y notas al pie de las páginas
710 2# - PUNTO DE ACCESO ADICIONAL--NOMBRE DE ENTIDAD CORPORATIVA
Nombre de entidad corporativa o nombre de jurisdicción como elemento de entrada Consejo Superior de Investigaciones Científicas
9 (RLIN) 4786
830 #0 - PUNTO DE ACCESO ADICIONAL DE SERIE-TÍTULO UNIFORME
Título uniforme Cuadernos de Estudios Gallegos. Anexo
Designación de volumen o secuencia 30
9 (RLIN) 67537
Existencias
Estado de retiro Estado de pérdida Restricciones de uso No para préstamo Código de colección Localización permanente Ubicación/localización actual Ubicación en estantería Fecha de adquisición Número de inventario Total de préstamos Signatura topográfica completa Código de barras Fecha visto por última vez Precio válido a partir de Tipo de ítem Koha
      Excluido de préstamo Monografías: Libros y Folletos General General En catalogación 13.09.2013 LF1   41044-10 25.06.2020 25.06.2020 No se presta

Con tecnología Koha